000 00404nam a2200145 a 4500
001 000007570
005 20200929154222.0
008 090909s2000 dr a 000 0 spa d
040 _aDO-SdBNP
082 _axxx
_bS623c
245 0 0 _aSistema de contabilidad institucional.
260 _aSanto Domingo :
_bContraloría General de la República,
_c2000.
300 _a145 p. :
_bil. ;
_c22 cm.
049 _aBNPD
999 _c7351
_d7351